Quarterly reviews
Đã lưu trong:
| 企業作者: | |
|---|---|
| 格式: | 圖書 |
| 語言: | Undetermined |
| 出版: |
London
The Chemical Society
1960
|
| 主題: | |
| 標簽: |
添加標簽
沒有標簽, 成為第一個標記此記錄!
|
| Thư viện lưu trữ: | Trung tâm Học liệu Trường Đại học Cần Thơ |
|---|
| LEADER | 00500nam a2200181Ia 4500 | ||
|---|---|---|---|
| 001 | CTU_126206 | ||
| 008 | 210402s9999 xx 000 0 und d | ||
| 082 | |a 540.5 | ||
| 082 | |b C517/Vol.XIV | ||
| 110 | |a Chemical Society (Great Britain) | ||
| 245 | 0 | |a Quarterly reviews | |
| 245 | 0 | |c Chemical Society (Great Britain) | |
| 260 | |a London | ||
| 260 | |b The Chemical Society | ||
| 260 | |c 1960 | ||
| 650 | |a Chemistry | ||
| 904 | |i Nguyên | ||
| 980 | |a Trung tâm Học liệu Trường Đại học Cần Thơ | ||